Imię z bajki. - Statystyki

Ogólne statystyki
  • Ten quiz został rozwiązany 74 razy
  • Średni wynik to 3 z 13
Statystyki odpowiedzi
Hint Odpowiedź % Poprawnych
11. Anna
45%
10. Elza
34%
4. Bolek
28%
1. Maja
28%
7. Kubuś
26%
5. Fiona
23%
2. Gucio
19%
9. Donald
15%
6. Alicja
9%
3. Jakub
9%
13. Marta
9%
8. Kacper
6%
12. Czesio
0%
Nie znaleziono quizów pasujących do podanych kryteriów
Rozkład punktacji
Procent ludzi z każdym wynikiem
Percentyl według liczby udzielonych odpowiedzi
Twoja historia wyników
Nie rozwiązałeś tego quizu